LEADER 00981nam0-22003251i-450- 001 990003092560403321 035 $a000309256 035 $aFED01000309256 035 $a(Aleph)000309256FED01 035 $a000309256 100 $a20000920d1919----km-y0itay50------ba 101 0 $aita 102 $aIT 200 1 $a<>History of Trade Unionism, 166-1920$ePrinted by the Authors of the Workers' Educational Association. Christmas 1919$fSidney and Beatrice Webb. 210 $aEdinburgh$cR.& R.$d1919. 215 $aXV, 784 p.$d20 cm 300 $a[Ed.orig.: 1894] 676 $aE/4.1 676 $aE/5 676 $aG/2.43 700 1$aWebb,$bBeatrice Potter$f<1858-1943>$0304217 701 1$aWebb,$bSidney J.$f<1859-1947>$0375109 801 0$aIT$bUNINA$gRICA$2UNIMARC 901 $aBK 912 $a990003092560403321 952 $aG/2.43 WEB$b7537$fSES 959 $aSES 996 $aHistory of Trade Unionism, 166-1920$9459021 997 $aUNINA DB $aING01 LEADER 01586nam--2200433---450- 001 990002950830203316 005 20090903174721.0 010 $a978-88-387-3782-7 035 $a000295083 035 $aUSA01000295083 035 $a(ALEPH)000295083USA01 035 $a000295083 100 $a20070628d2007----km-y0enga50------ba 101 $aita 102 $aIT 105 $a||||||||001yy 200 1 $a<> imposta di bollo$e450 casi pratici di applicazione ed esenzione$fVincenzo Lovallo, Donatella Signore$eprontuario delle esenzioni, quesiti risolti, risoluzioni ministeriali$econ approfondimento sulle nuove modalità operative per l'autenticazione degli atti di vendita dei veicoli 205 $a3. ed. 210 $aSantarcangelo di Romagna$cMaggioli$dcopyr. 2007 215 $a258 p.$d24 cm$e1 CD-Rom 225 2 $aProgetto ente locale$v86$iServizi demografici 410 0$12001$aProgetto ente locale$v86$iServizi demografici 454 1$12001 461 1$1001-------$12001 606 0 $aBollo$xLegislazione 676 $a343.45057 700 1$aLOVALLO,$bVincenzo$0428703 701 1$aSIGNORE,$bDonatella$0428704 801 0$aIT$bsalbc$gISBD 912 $a990002950830203316 951 $aXXIV.5.B 506 (IG VII 932)$b55392 G.$cXXIV.5.B 506 (IG VII)$d00159937 959 $aBK 969 $aGIU 979 $aFIORELLA$b90$c20070628$lUSA01$h1023 979 $aFIORELLA$b90$c20070628$lUSA01$h1024 979 $aFIORELLA$b90$c20070628$lUSA01$h1039 979 $aRSIAV4$b90$c20090903$lUSA01$h1747 996 $aImposta di bollo$9710019 997 $aUNISA